[Event "Checkmate Covid Rematch"]
[Site "Chess.com INT"]
[Date "2021.06.05"]
[Round "?"]
[White "Chaplin, Peter Edward"]
[Black "Head, Louise"]
[Result "0-1"]
[WhiteElo "2046"]
[BlackElo "2090"]
[PlyCount "116"]
[EventDate "2021.06.05"]
[EventType "swiss (blitz)"]
[EventRounds "20"]
[EventCountry "ENG"]
[SourceTitle "CBM 202 Extra"]
[Source "ChessBase"]
[SourceDate "2021.07.31"]
[SourceVersion "1"]
[SourceVersionDate "2021.07.31"]
[SourceQuality "1"]

1. b3 d6 2. Bb2 e5 3. e3 Bf5 4. d4 exd4 5. Qxd4 Bg6 6. Nf3 Nc6 7. Bb5 Nge7 8. Nc3 a6 9. Bxc6+ Nxc6 10. Qd2 Nb4 11. Rc1 Be7 12. a3 Nc6 13. Nd5 0-0 14. Qc3 f6 15. Nd4 Nxd4 16. Qxd4 Bf7 17. Nxe7+ Qxe7 18. 0-0 Rfe8 19. c4 Rad8 20. Rfd1 b6 21. Qf4 Qe4 22. Qg3 Qg6 23. Qxg6 Bxg6 24. Rd4 Kf7 25. b4 Re4 26. Rcd1 Rxd4 27. Rxd4 c5 28. Rd2 Ke6 29. Kf1 Rc8 30. bxc5 Rxc5 31. Rd4 Rxc4 32. Rxc4 Bd3+ 33. Ke1 Bxc4 34. Bd4 b5 35. Bb6 Kd5 36. Kd2 Kc6 37. Bd4 Bf1 38. g3 Kd5 39. Bb6 Kc4 40. Kc2 Bd3+ 41. Kb2 Be4 42. g4 Bf3 43. g5 fxg5 44. Bd8 g4 45. Bg5 d5 46. Bf4 a5 47. Bg3 h5 48. Bh4 b4 49. axb4 axb4 50. Bg5 Bd1 51. Bh4 Ba4 52. Bg3 Bd1 53. Be5 g6 54. Bf4 Kd3 55. Bd6 Ke2 56. Bg3 g5 57. Kc1 Ba4 58. f4 gxf3 0-1

[Event "Checkmate Covid Rematch"]
[Site "Chess.com INT"]
[Date "2021.06.05"]
[Round "?"]
[White "Chaplin, Peter Edward"]
[Black "Pal, Rohan"]
[Result "1-0"]
[WhiteElo "2046"]
[BlackElo "1759"]
[PlyCount "29"]
[EventDate "2021.06.05"]
[EventType "swiss (blitz)"]
[EventRounds "20"]
[EventCountry "ENG"]
[SourceTitle "CBM 202 Extra"]
[Source "ChessBase"]
[SourceDate "2021.07.31"]
[SourceVersion "1"]
[SourceVersionDate "2021.07.31"]
[SourceQuality "1"]

1. b3 e5 2. Bb2 Nc6 3. e3 d5 4. Bb5 Bd6 5. f4 f6 6. Qh5+ g6 7. Qh4 Be6 8. fxe5 fxe5 9. Qxd8+ Rxd8 10. Nf3 Nf6 11. Nxe5 Bxe5 12. Bxe5 0-0 13. Bxc6 bxc6 14. 0-0 Rd7 15. Rxf6 1-0

[Event "Checkmate Covid Rematch"]
[Site "Chess.com INT"]
[Date "2021.06.05"]
[Round "?"]
[White "Chaplin, Peter Edward"]
[Black "Paul, Nathanael"]
[Result "1/2-1/2"]
[WhiteElo "2046"]
[BlackElo "1993"]
[PlyCount "66"]
[EventDate "2021.06.05"]
[EventType "swiss (blitz)"]
[EventRounds "20"]
[EventCountry "ENG"]
[SourceTitle "CBM 202 Extra"]
[Source "ChessBase"]
[SourceDate "2021.07.31"]
[SourceVersion "1"]
[SourceVersionDate "2021.07.31"]
[SourceQuality "1"]

1. b3 f5 2. Bb2 d6 3. e3 e5 4. d4 Nd7 5. dxe5 dxe5 6. Nf3 Bd6 7. Nbd2 Ngf6 8. Nc4 Qe7 9. Nxd6+ cxd6 10. Bc4 Nb6 11. Bb5+ Bd7 12. Bxd7+ Nbxd7 13. c4 0-0 14. 0-0 Nc5 15. Ba3 Nce4 16. Nd2 Kh8 17. Qc2 Rfd8 18. Rad1 Qe6 19. Nxe4 Nxe4 20. f3 Nc5 21. Bxc5 dxc5 22. Rxd8+ Rxd8 23. Rd1 Rxd1+ 24. Qxd1 h6 25. e4 fxe4 26. fxe4 Qf6 27. Qd5 Qf4 28. h3 Qe3+ 29. Kh1 Qc1+ 30. Kh2 Qf4+ 31. Kh1 Qc1+ 32. Kh2 Qf4+ 33. Kh1 Qc1+ 1/2-1/2

[Event "Checkmate Covid Rematch"]
[Site "Chess.com INT"]
[Date "2021.06.05"]
[Round "?"]
[White "Chaplin, Peter Edward"]
[Black "Shearsby, Jude"]
[Result "0-1"]
[WhiteElo "2046"]
[BlackElo "1673"]
[PlyCount "30"]
[EventDate "2021.06.05"]
[EventType "swiss (blitz)"]
[EventRounds "20"]
[EventCountry "ENG"]
[SourceTitle "CBM 202 Extra"]
[Source "ChessBase"]
[SourceDate "2021.07.31"]
[SourceVersion "1"]
[SourceVersionDate "2021.07.31"]
[SourceQuality "1"]

1. b3 e5 2. Bb2 Nc6 3. e3 d5 4. Bb5 Bd6 5. f4 Qe7 6. Nf3 e4 7. Bxg7 exf3 8. Qxf3 Bf5 9. Qxd5 Be4 10. Bxc6+ bxc6 11. Qd4 Bc5 12. Qc3 Bb4 13. Qd4 Rd8 14. Qb2 Bxg2 15. Rg1 Qxe3+ 0-1

[Event "Checkmate Covid Rematch"]
[Site "Chess.com INT"]
[Date "2021.06.05"]
[Round "?"]
[White "Pal, Rohan"]
[Black "Chaplin, Peter Edward"]
[Result "0-1"]
[WhiteElo "1759"]
[BlackElo "2046"]
[PlyCount "56"]
[EventDate "2021.06.05"]
[EventType "swiss (blitz)"]
[EventRounds "20"]
[EventCountry "ENG"]
[SourceTitle "CBM 202 Extra"]
[Source "ChessBase"]
[SourceDate "2021.07.31"]
[SourceVersion "1"]
[SourceVersionDate "2021.07.31"]
[SourceQuality "1"]

1. e4 d6 2. d4 Nf6 3. Nc3 e5 4. Nge2 Be7 5. g3 0-0 6. Bg2 Nc6 7. 0-0 Re8 8. h3 exd4 9. Nxd4 Nxd4 10. Qxd4 a6 11. Be3 Bf8 12. f4 g6 13. Rae1 Bg7 14. Qd2 Bd7 15. g4 Bc6 16. Bf2 Nd7 17. Bd4 Nc5 18. Bxg7 Kxg7 19. g5 Ne6 20. h4 Kg8 21. f5 Ng7 22. Qf4 Nh5 23. Qg4 Re5 24. Bf3 Qe8 25. Qg2 Ng7 26. f6 Ne6 27. h5 Rxg5 28. Bg4 gxh5 0-1

[Event "Checkmate Covid Rematch"]
[Site "Chess.com INT"]
[Date "2021.06.05"]
[Round "?"]
[White "Pal, Rohan"]
[Black "Chaplin, Peter Edward"]
[Result "0-1"]
[WhiteElo "1759"]
[BlackElo "2046"]
[PlyCount "38"]
[EventDate "2021.06.05"]
[EventType "swiss (blitz)"]
[EventRounds "20"]
[EventCountry "ENG"]
[SourceTitle "CBM 202 Extra"]
[Source "ChessBase"]
[SourceDate "2021.07.31"]
[SourceVersion "1"]
[SourceVersionDate "2021.07.31"]
[SourceQuality "1"]

1. e4 d6 2. d4 Nf6 3. Nc3 e5 4. Nf3 Nbd7 5. Bc4 h6 6. dxe5 dxe5 7. Bxf7+ Kxf7 8. Nxe5+ Kg8 9. Ng6 Qe8 10. Nxh8 Kxh8 11. Qe2 Bb4 12. f3 Qe5 13. Bd2 Nb6 14. 0-0 Be6 15. Rad1 Bc4 16. Qf2 Bxf1 17. Rxf1 Rd8 18. Be3 Bxc3 19. bxc3 Qxc3 0-1

[Event "Checkmate Covid Rematch"]
[Site "Chess.com INT"]
[Date "2021.06.05"]
[Round "?"]
[White "Turner, Matthew"]
[Black "Chaplin, Peter Edward"]
[Result "1-0"]
[WhiteElo "2509"]
[BlackElo "2046"]
[PlyCount "35"]
[EventDate "2021.06.05"]
[EventType "swiss (blitz)"]
[EventRounds "20"]
[EventCountry "ENG"]
[SourceTitle "CBM 202 Extra"]
[Source "ChessBase"]
[SourceDate "2021.07.31"]
[SourceVersion "1"]
[SourceVersionDate "2021.07.31"]
[SourceQuality "1"]

1. Nf3 d6 2. g3 e5 3. Bg2 f5 4. d4 e4 5. Ng5 Be7 6. h4 Nf6 7. d5 0-0 8. 0-0 c6 9. Nc3 Na6 10. f3 h6 11. Ne6 Bxe6 12. dxe6 d5 13. Bh3 Qc7 14. Bf4 Bd6 15. e3 Bxf4 16. gxf4 Nh5 17. fxe4 dxe4 18. Qxh5 1-0

[Event "English Online Blitz Gp2"]
[Site "Chess.com INT"]
[Date "2020.05.09"]
[Round "7"]
[White "Grieve, Harry"]
[Black "Chaplin, Peter Edward"]
[Result "0-1"]
[WhiteElo "2355"]
[BlackElo "2046"]
[PlyCount "106"]
[EventDate "2020.05.09"]
[EventType "swiss (blitz)"]
[EventRounds "11"]
[EventCountry "ENG"]
[SourceTitle "CBM 196 Extra"]
[Source "ChessBase"]
[SourceDate "2020.07.31"]
[SourceVersion "1"]
[SourceVersionDate "2020.07.31"]
[SourceQuality "1"]

1. d4 Nf6 2. Bg5 c6 3. Bxf6 gxf6 4. e3 Qb6 5. b3 d5 6. Ne2 e5 7. Nd2 Be6 8. g3 Nd7 9. Bg2 Bd6 10. c3 h5 11. h4 Bg4 12. Qc2 e4 13. c4 Bb4 14. Nf4 Be6 15. c5 Qc7 16. a3 Bxd2+ 17. Qxd2 Bg4 18. b4 a6 19. 0-0 Nf8 20. a4 Ng6 21. b5 Nxf4 22. exf4 axb5 23. axb5 0-0 24. b6 Qd7 25. Ra7 Rab8 26. Rfa1 Kg7 27. R1a3 Rfe8 28. Qa2 Re7 29. Re3 Rbe8 30. Ra8 Rxa8 31. Qxa8 Bh3 32. Bxh3 Qxh3 33. Qa4 Qg4 34. Kh2 Qd7 35. Ra3 Qg4 36. Qc2 f5 37. Qd2 Kg6 38. Ra8 Kg7 39. Kg2 Qf3+ 40. Kg1 e3 41. fxe3 Rxe3 42. Qf2 Qd1+ 43. Qf1 Re1 44. Qxe1 Qxe1+ 45. Kg2 Qe4+ 46. Kh2 Qxd4 47. Rb8 Qxc5 48. Rxb7 d4 49. Rb8 Qb5 50. b7 c5 51. g4 fxg4 52. f5 Qb6 53. Kg3 Qc7+ 0-1

[Event "BCF-chT3 0607 (4NCL)"]
[Site "Sunningdale"]
[Date "2007.01.13"]
[Round "5.6"]
[White "Chaplin, Peter Edward"]
[Black "Pym, Thomas TW"]
[Result "0-1"]
[WhiteElo "2049"]
[BlackElo "2053"]
[PlyCount "110"]
[EventDate "2006.09.16"]
[EventType "team"]
[EventRounds "11"]
[EventCountry "ENG"]
[SourceTitle "EXT 2008"]
[Source "ChessBase"]
[SourceDate "2007.11.25"]
[SourceVersion "1"]
[SourceVersionDate "2007.11.25"]
[SourceQuality "1"]
[WhiteTeam "Bristol II"]
[BlackTeam "Wessex II"]
[WhiteTeamCountry "ENG"]
[BlackTeamCountry "ENG"]

1. e4 g6 2. d4 Bg7 3. c4 d6 4. Nc3 e5 5. dxe5 dxe5 6. Qxd8+ Kxd8 7. Bg5+ f6 8. 0-0-0+ Bd7 9. Be3 Nh6 10. Be2 Nc6 11. Nd5 Rf8 12. Nf3 Kc8 13. Ne1 Nd4 14. Rxd4 exd4 15. Bxd4 c6 16. Ne3 Kc7 17. Nd3 b6 18. f3 Nf7 19. Nc2 Ne5 20. Nxe5 fxe5 21. Bc3 a5 22. Rd1 Rfe8 23. Ne1 Be6 24. b3 a4 25. Nd3 axb3 26. axb3 Ra3 27. Kc2 g5 28. Bb2 Ra5 29. h4 gxh4 30. f4 Rg8 31. f5 Bxf5 32. exf5 e4 33. Nf4 Bxb2 34. Kxb2 Rxf5 35. Ne6+ Kc8 36. Kc3 c5 37. b4 Rg3+ 38. Kc2 Rxg2 39. Rd8+ Kb7 40. Kd1 h3 41. Rd7+ Kc6 42. Rxh7 h2 43. Ng7 Rf7 44. Rh6+ Kb7 45. Ne6 Rd7+ 46. Ke1 Rg1+ 47. Kf2 h1Q 48. Rxh1 Rxh1 49. bxc5 Re7 50. Bg4 e3+ 51. Ke2 Rh6 52. Bf3+ Kc8 53. Nd4 Rh2+ 54. Kd3 Rd2+ 55. Kc3 Rxd4 0-1

[Event "Bristol op"]
[Site "Bristol"]
[Date "2006.12.09"]
[Round "3"]
[White "Chaplin, Peter Edward"]
[Black "Turner, Joseph David"]
[Result "0-1"]
[WhiteElo "2048"]
[BlackElo "1736"]
[PlyCount "80"]
[EventDate "2006.12.08"]
[EventType "swiss"]
[EventRounds "5"]
[EventCountry "ENG"]
[SourceTitle "EXT 2008"]
[Source "ChessBase"]
[SourceDate "2007.11.25"]
[SourceVersion "1"]
[SourceVersionDate "2007.11.25"]
[SourceQuality "1"]

1. Nc3 e5 2. Nf3 Bc5 3. Nxe5 Bxf2+ 4. Kxf2 Qh4+ 5. g3 Qd4+ 6. e3 Qxe5 7. d4 Qf6+ 8. Kg2 b6 9. e4 Bb7 10. Bc4 Qg6 11. Rf1 Nf6 12. Kg1 0-0 13. Bd3 Nxe4 14. d5 Nxc3 15. bxc3 Qd6 16. c4 b5 17. Rb1 bxc4 18. Bxh7+ Kxh7 19. Qh5+ Kg8 20. Rxb7 Qa6 21. Rb1 Qxa2 22. Bb2 c3 23. Bxc3 Qxc2 24. Rbc1 Qg6 25. Qe2 Na6 26. Rf4 Rae8 27. Qf2 Re4 28. Rf5 Nc5 29. Rf1 d6 30. Qd2 Rg4 31. Kg2 Ne4 32. Qd3 f6 33. Be1 Rb8 34. Qc2 Nc5 35. Bf2 Rgb4 36. Bxc5 Rb2 37. Qxb2 Rxb2+ 38. R5f2 Qe4+ 39. Kg1 Rxf2 40. Bxf2 Qxd5 0-1

[Event "BCF-ch 92nd"]
[Site "Douglas"]
[Date "2005.08.08"]
[Round "7"]
[White "Chaplin, Peter Edward"]
[Black "Cumbers, Paul"]
[Result "0-1"]
[WhiteElo "2062"]
[BlackElo "2118"]
[PlyCount "86"]
[EventDate "2005.08.01"]
[EventType "swiss"]
[EventRounds "11"]
[EventCountry "ENG"]
[SourceTitle "CBM 107 Extra"]
[Source "ChessBase"]
[SourceDate "2005.09.01"]
[SourceVersion "1"]
[SourceVersionDate "2005.09.01"]
[SourceQuality "1"]

1. Nc3 d5 2. e4 e6 3. d4 Nf6 4. exd5 exd5 5. Bd3 Bg4 6. Nge2 Be7 7. f3 Bh5 8. Nf4 Bg6 9. Nxg6 hxg6 10. Bg5 Nh5 11. Bxe7 Qxe7+ 12. Qe2 Nc6 13. 0-0-0 0-0-0 14. Qxe7 Nxe7 15. Rhe1 Nc6 16. Bb5 Nf4 17. Bxc6 bxc6 18. g3 Ne6 19. h4 Kd7 20. Na4 Rb8 21. b3 g5 22. hxg5 Rh3 23. g6 Rxg3 24. gxf7 Rxf3 25. Re5 Rxf7 26. c4 Kd6 27. Nc3 Rf3 28. Kb2 Nf4 29. c5+ Kd7 30. Rg5 Rf2+ 31. Ka3 Ne6 32. Rg6 Rbf8 33. b4 R8f3 34. Kb3 Re3 35. b5 cxb5 36. c6+ Kxc6 37. Kb4 a5+ 38. Kxa5 Rxc3 39. Rxe6+ Kb7 40. Rb1 Rxa2+ 41. Kxb5 Rc4 42. Re7 Ra6 43. Rd1 Rca4 0-1

[Event "BCF-ch 92nd"]
[Site "Douglas"]
[Date "2005.08.05"]
[Round "5"]
[White "Varnam, Liam"]
[Black "Chaplin, Peter Edward"]
[Result "0-1"]
[WhiteElo "2088"]
[BlackElo "2062"]
[PlyCount "52"]
[EventDate "2005.08.01"]
[EventType "swiss"]
[EventRounds "11"]
[EventCountry "ENG"]
[SourceTitle "CBM 107 Extra"]
[Source "ChessBase"]
[SourceDate "2005.09.01"]
[SourceVersion "1"]
[SourceVersionDate "2005.09.01"]
[SourceQuality "1"]

1. e4 g6 2. d4 Bg7 3. Nf3 d6 4. Nc3 c6 5. Be2 Nf6 6. 0-0 0-0 7. h3 Nbd7 8. Be3 e5 9. Qd2 Qe7 10. d5 cxd5 11. Nxd5 Nxd5 12. Qxd5 Nf6 13. Qd3 d5 14. Bg5 dxe4 15. Qxe4 h6 16. Bxf6 Bxf6 17. g4 Bg7 18. Bc4 Kh7 19. Nh2 f5 20. Qe2 Qh4 21. Kg2 fxg4 22. hxg4 Rf4 23. f3 e4 24. fxe4 Bxg4 25. Qe3 Rxe4 26. Qb3 Rxc4 0-1

[Event "BCF-ch 92nd"]
[Site "Douglas"]
[Date "2005.08.03"]
[Round "3"]
[White "Chaplin, Peter Edward"]
[Black "Storey, Charles"]
[Result "1-0"]
[WhiteElo "2062"]
[BlackElo "2211"]
[PlyCount "51"]
[EventDate "2005.08.01"]
[EventType "swiss"]
[EventRounds "11"]
[EventCountry "ENG"]
[SourceTitle "CBM 107 Extra"]
[Source "ChessBase"]
[SourceDate "2005.09.01"]
[SourceVersion "1"]
[SourceVersionDate "2005.09.01"]
[SourceQuality "1"]

1. Nc3 c5 2. Nf3 g6 3. e4 Bg7 4. d3 Nc6 5. g3 Rb8 6. Bg2 b5 7. 0-0 b4 8. Ne2 d6 9. Nh4 e5 10. Be3 Nge7 11. Qd2 0-0 12. Bh6 Bxh6 13. Qxh6 Nd4 14. Nxd4 cxd4 15. f4 Kh8 16. fxe5 dxe5 17. Rf6 Be6 18. Raf1 Qe8 19. R1f2 Rg8 20. Bh3 Bxa2 21. b3 Rg7 22. Ra6 Rb6 23. Rxa7 Qb8 24. Rxe7 g5 25. Qh5 gxh4 26. Rfxf7 1-0

[Event "BCF-chT2 0405 (4NCL)"]
[Site "West Bromwich"]
[Date "2005.05.02"]
[Round "11.5"]
[White "Blackburn, Jonathan LB"]
[Black "Chaplin, Peter Edward"]
[Result "1-0"]
[WhiteElo "2179"]
[BlackElo "2051"]
[PlyCount "49"]
[EventDate "2004.09.18"]
[EventType "team"]
[EventRounds "11"]
[EventCountry "ENG"]
[SourceTitle "EXT 2006"]
[Source "ChessBase"]
[SourceDate "2005.11.24"]
[SourceVersion "1"]
[SourceVersionDate "2005.11.24"]
[SourceQuality "1"]
[WhiteTeam "SW Dragons"]
[BlackTeam "Bristol II"]
[WhiteTeamCountry "ENG"]
[BlackTeamCountry "ENG"]

1. d4 d5 2. c4 c6 3. Nf3 Nf6 4. Nc3 e6 5. Bg5 Nbd7 6. cxd5 exd5 7. a3 Be7 8. e3 0-0 9. Bd3 h6 10. Bf4 Re8 11. b4 a6 12. Qb3 Nh5 13. Be5 Nxe5 14. dxe5 Bf8 15. h3 g6 16. Rd1 Qc7 17. Qc2 Ng7 18. Nxd5 Qb8 19. Nf6+ Kh8 20. Nxe8 Nxe8 21. Bxg6 Be6 22. Bf5 Ng7 23. Bxe6 Nxe6 24. 0-0 Bg7 25. Rd7 1-0

[Event "BCF-chT2 0405 (4NCL)"]
[Site "West Bromwich"]
[Date "2005.05.01"]
[Round "10.5"]
[White "Chaplin, Peter Edward"]
[Black "Kelly, Paul J"]
[Result "1-0"]
[WhiteElo "2051"]
[BlackElo "1950"]
[PlyCount "37"]
[EventDate "2004.09.18"]
[EventType "team"]
[EventRounds "11"]
[EventCountry "ENG"]
[SourceTitle "EXT 2006"]
[Source "ChessBase"]
[SourceDate "2005.11.24"]
[SourceVersion "1"]
[SourceVersionDate "2005.11.24"]
[SourceQuality "1"]
[WhiteTeam "Bristol II"]
[BlackTeam "Mindsports"]
[WhiteTeamCountry "ENG"]
[BlackTeamCountry "ENG"]

1. Nc3 g6 2. h4 Nf6 3. e4 d6 4. d4 Bg7 5. Be2 a6 6. h5 Nxh5 7. Bxh5 gxh5 8. Be3 b5 9. Qxh5 Qd7 10. Rh3 Nc6 11. Rg3 Bxd4 12. Bxd4 Nxd4 13. Qxh7 Rf8 14. 0-0-0 c5 15. Nd5 Rb8 16. Rxd4 cxd4 17. Rg8 Qg4 18. Rxg4 Bxg4 19. Qh4 1-0

[Event "BCF-chT2 0405 (4NCL)"]
[Site "West Bromwich"]
[Date "2005.04.09"]
[Round "7.4"]
[White "Sandu, Mihaela"]
[Black "Chaplin, Peter Edward"]
[Result "1/2-1/2"]
[WhiteElo "2148"]
[BlackElo "2051"]
[PlyCount "39"]
[EventDate "2004.09.18"]
[EventType "team"]
[EventRounds "11"]
[EventCountry "ENG"]
[SourceTitle "EXT 2006"]
[Source "ChessBase"]
[SourceDate "2005.11.24"]
[SourceVersion "1"]
[SourceVersionDate "2005.11.24"]
[SourceQuality "1"]
[WhiteTeam "Kings Head"]
[BlackTeam "Bristol II"]
[WhiteTeamCountry "ENG"]
[BlackTeamCountry "ENG"]

1. e4 c5 2. Nf3 e6 3. d4 cxd4 4. Nxd4 Nf6 5. Nc3 d6 6. Be3 Be7 7. f3 a6 8. Qd2 Nc6 9. g4 Qc7 10. g5 Nd7 11. f4 b5 12. Nxc6 Qxc6 13. Qd4 Qc5 14. Qd2 Qb4 15. a3 Qa5 16. Qd4 0-0 17. h4 Bb7 18. Be2 Rfd8 19. Bd2 Qb6 20. Qxb6 1/2-1/2

[Event "BCF-chT2 0405 (4NCL)"]
[Site "West Bromwich"]
[Date "2005.01.23"]
[Round "6.7"]
[White "Ruston, Mark"]
[Black "Chaplin, Peter Edward"]
[Result "1-0"]
[WhiteElo "2092"]
[BlackElo "2051"]
[PlyCount "71"]
[EventDate "2004.09.18"]
[EventType "team"]
[EventRounds "11"]
[EventCountry "ENG"]
[SourceTitle "EXT 2006"]
[Source "ChessBase"]
[SourceDate "2005.11.24"]
[SourceVersion "1"]
[SourceVersionDate "2005.11.24"]
[SourceQuality "1"]
[WhiteTeam "Micro Mark NWE II"]
[BlackTeam "Bristol II"]
[WhiteTeamCountry "ENG"]
[BlackTeamCountry "ENG"]

1. e4 c5 2. Nc3 e6 3. g3 Nc6 4. Bg2 g6 5. d3 Bg7 6. Be3 d6 7. Qd2 Nd4 8. Nd1 e5 9. c3 Ne6 10. Ne2 h5 11. d4 h4 12. h3 Bd7 13. d5 Nc7 14. b4 cxb4 15. cxb4 hxg3 16. fxg3 Bh6 17. Rc1 Rc8 18. Nb2 b5 19. Bxh6 Rxh6 20. Qe3 Ra8 21. Nd3 Kf8 22. Nxe5 Nxd5 23. Nxd7+ Qxd7 24. exd5 Re8 25. Qf2 Rh5 26. 0-0 Rf5 27. Bf3 Rfe5 28. Nf4 Kg7 29. Bg4 f5 30. Ne6+ R8xe6 31. dxe6 Qxe6 32. Rc7+ Ne7 33. Bf3 Re3 34. Rc2 Qe5 35. Re2 f4 36. gxf4 1-0

[Event "BCF-chT2 0405 (4NCL)"]
[Site "West Bromwich"]
[Date "2004.09.19"]
[Round "2.3"]
[White "Berzinsh, Roland"]
[Black "Chaplin, Peter Edward"]
[Result "1/2-1/2"]
[WhiteElo "2455"]
[BlackElo "2066"]
[PlyCount "69"]
[EventDate "2004.09.18"]
[EventType "team"]
[EventRounds "11"]
[EventCountry "ENG"]
[SourceTitle "EXT 2006"]
[Source "ChessBase"]
[SourceDate "2005.11.24"]
[SourceVersion "1"]
[SourceVersionDate "2005.11.24"]
[SourceQuality "1"]
[WhiteTeam "Hilsmark Kingfisher"]
[BlackTeam "Bristol II"]
[WhiteTeamCountry "ENG"]
[BlackTeamCountry "ENG"]

1. e4 c5 2. Nf3 e6 3. c3 Qa5 4. Bd3 Nc6 5. 0-0 d6 6. Bc2 Nf6 7. d4 cxd4 8. cxd4 Be7 9. Nc3 0-0 10. Re1 e5 11. d5 Nb4 12. Bb1 Bg4 13. h3 Bh5 14. Bd2 Na6 15. a3 Qc7 16. b4 Qd7 17. Bd3 Nc7 18. a4 h6 19. Be3 Rfc8 20. Rb1 Qd8 21. a5 Ne6 22. Nb5 Ng5 23. Nxa7 Bxf3 24. gxf3 Nxh3+ 25. Kh2 Rxa7 26. Bxa7 Nf4 27. Bb5 Bf8 28. Bb6 Qe7 29. Re2 N6h5 30. Qh1 Nxe2 31. Bxe2 Nf4 32. Bb5 Qg5 33. Be3 Rc2 34. Qf1 Qh5+ 35. Kg3 1/2-1/2

[Event "BCF-chT2 0405 (4NCL)"]
[Site "West Bromwich"]
[Date "2004.09.18"]
[Round "1.3"]
[White "Chaplin, Peter Edward"]
[Black "Lakos, Nikoletta"]
[Result "1/2-1/2"]
[WhiteElo "2066"]
[BlackElo "2350"]
[PlyCount "88"]
[EventDate "2004.09.18"]
[EventType "team"]
[EventRounds "11"]
[EventCountry "ENG"]
[SourceTitle "EXT 2006"]
[Source "ChessBase"]
[SourceDate "2005.11.24"]
[SourceVersion "1"]
[SourceVersionDate "2005.11.24"]
[SourceQuality "1"]
[WhiteTeam "Bristol II"]
[BlackTeam "Wood Green III"]
[WhiteTeamCountry "ENG"]
[BlackTeamCountry "ENG"]

1. Nc3 c5 2. Nf3 Nc6 3. e4 e6 4. d3 d6 5. g3 Nge7 6. Bg2 Nd4 7. 0-0 g6 8. Be3 Bg7 9. Qd2 0-0 10. Nd1 Qc7 11. Nh4 Rb8 12. c3 Ndc6 13. f4 f5 14. exf5 Nxf5 15. Nxf5 exf5 16. d4 Ne7 17. Bf2 Kh8 18. Re1 b6 19. dxc5 dxc5 20. Ne3 Be6 21. Ng4 Bg8 22. Ne5 Rbd8 23. Qc2 Nd5 24. Rad1 Nf6 25. Rxd8 Rxd8 26. Nc6 Rd6 27. Re7 Rd7 28. Rxd7 Qxd7 29. Ne5 Qd6 30. c4 Nd7 31. Nxd7 Qxd7 32. b3 Be6 33. Bf3 Kg8 34. Qd1 Qxd1+ 35. Bxd1 Kf7 36. Bf3 Ke7 37. Kf1 Kd6 38. Ke2 Bf6 39. Kd3 a6 40. Bb7 a5 41. a4 h6 42. h4 g5 43. hxg5 hxg5 44. Be3 g4 1/2-1/2

[Event "BCF-chT3 0304 (4NCL)"]
[Site "West Bromwich"]
[Date "2004.05.31"]
[Round "9.7"]
[White "Shaw, John S"]
[Black "Chaplin, Peter Edward"]
[Result "0-1"]
[WhiteElo "1808"]
[BlackElo "2072"]
[PlyCount "64"]
[EventDate "2003.11.23"]
[EventType "team"]
[EventRounds "11"]
[EventCountry "ENG"]
[SourceTitle "EXT 2005"]
[Source "ChessBase"]
[SourceDate "2004.11.15"]
[SourceVersion "1"]
[SourceVersionDate "2004.11.15"]
[SourceQuality "1"]
[WhiteTeam "FCA Solutions"]
[BlackTeam "Bristol II"]
[WhiteTeamCountry "ENG"]
[BlackTeamCountry "ENG"]

1. d4 Nf6 2. Nf3 d5 3. e3 c6 4. Bd3 Bg4 5. c4 dxc4 6. Bxc4 e6 7. Nc3 Bd6 8. e4 Bb4 9. Qd3 Nbd7 10. 0-0 b5 11. Bb3 Nc5 12. Qe3 Nxb3 13. axb3 Bxf3 14. gxf3 Qb6 15. Rd1 0-0 16. Qg5 Be7 17. e5 h6 18. Qg3 Nh5 19. Qg4 g6 20. Bxh6 Rfd8 21. Ne4 Rd5 22. Bg5 Bxg5 23. Nxg5 Rad8 24. Ne4 Rxd4 25. Re1 Qc7 26. Qg5 R8d5 27. f4 Qd8 28. Qxd8+ Rxd8 29. Rxa7 Nxf4 30. Nf6+ Kg7 31. f3 Rd2 32. Rc1 Ne2+ 0-1

[Event "BCF-chT3 0304 (4NCL)"]
[Site "West Bromwich"]
[Date "2003.11.23"]
[Round "2.2"]
[White "Williams, Samuel G"]
[Black "Chaplin, Peter Edward"]
[Result "1-0"]
[WhiteElo "2179"]
[BlackElo "2072"]
[PlyCount "55"]
[EventDate "2003.11.23"]
[EventType "team"]
[EventRounds "11"]
[EventCountry "ENG"]
[SourceTitle "EXT 2005"]
[Source "ChessBase"]
[SourceDate "2004.11.15"]
[SourceVersion "1"]
[SourceVersionDate "2004.11.15"]
[SourceQuality "1"]
[WhiteTeam "Slough II"]
[BlackTeam "Bristol II"]
[WhiteTeamCountry "ENG"]
[BlackTeamCountry "ENG"]

1. e4 d5 2. exd5 Qxd5 3. Nc3 Qe5+ 4. Be2 c6 5. d4 Qc7 6. Nf3 Bf5 7. d5 Nf6 8. Qd4 Nxd5 9. Nxd5 cxd5 10. Bf4 Qa5+ 11. b4 Qb6 12. Bxb8 Rxb8 13. Qe5 Rc8 14. Qxf5 e6 15. Qd3 Bxb4+ 16. Kf1 a6 17. Rb1 Qd6 18. Qb3 Bc5 19. Qxb7 0-0 20. Qxa6 Rc6 21. Qa4 e5 22. g3 Qf6 23. c3 Qf5 24. Qxc6 e4 25. Qxc5 exf3 26. Bxf3 Qxf3 27. Rg1 Re8 28. Qe3 1-0

[Event "Cotswold op"]
[Site "Cheltenham"]
[Date "2003.05.26"]
[Round "6"]
[White "Chaplin, Peter Edward"]
[Black "Moyse, Nigel John"]
[Result "0-1"]
[WhiteElo "2060"]
[BlackElo "2043"]
[PlyCount "48"]
[EventDate "2003.05.??"]
[EventType "swiss"]
[EventRounds "6"]
[EventCountry "ENG"]
[SourceTitle "EXT 2005"]
[Source "ChessBase"]
[SourceDate "2004.11.15"]
[SourceVersion "1"]
[SourceVersionDate "2004.11.15"]
[SourceQuality "1"]

1. Nc3 e5 2. Nf3 Nc6 3. d4 exd4 4. Nxd4 Bc5 5. Nf5 Qf6 6. e4 Nge7 7. Ne3 d6 8. Be2 Nd4 9. Ncd5 Nxd5 10. Nxd5 Qd8 11. Bd3 0-0 12. Qh5 c6 13. Ne3 Qe7 14. c3 g6 15. Qh6 Ne6 16. 0-0 Ng7 17. b4 Bb6 18. Bb2 f5 19. exf5 Nxf5 20. Nxf5 Bxf5 21. Bc4+ d5 22. Bb3 Bd3 23. Rfd1 Rxf2 24. Rxd3 Qe2 0-1